Top 1000 MyAnimeList Anime by Score Part 1 - Statistics

General Stats
  • This quiz has been taken 390 times
  • The average score is 108 of 500
Answer Stats
Rank Answer % Correct
308 Naruto: Shippuden
88%
51 One Piece
85%
417 One Piece: Episode of Merry - The Tale of One More Friend
85%
416 One Piece: Stampede
85%
109 Attack on Titan
82%
41 Attack on Titan: Final Season Part 2
80%
24 Attack on Titan: Final Season - The Final Chapters
80%
194 Attack on Titan: No Regrets
80%
127 Attack on Titan Season 2
80%
83 Attack on Titan Season 3
80%
4 Attack on Titan Season 3 Part 2
80%
34 Attack on Titan: The Final Season
80%
32 Attack on Titan: The Last Attack
80%
364 My Hero Academia Season 6
74%
117 Jujutsu Kaisen
72%
12 Bleach: Thousand Year Blood War
71%
70 Bleach: Thousand-Year Blood War - The Conflict
71%
61 Bleach: Thousand-Year Blood War - The Separation
71%
89 Death Note
71%
196 Jujutsu Kaisen 0
71%
44 Jujutsu Kaisen 2nd Season
71%
403 Dragon Ball Z
68%
178 Demon Slayer: Kimetsu no Yaiba
67%
241 Demon Slayer: Kimetsu no Yaiba Mugen Train Arc
67%
413 Demon Slayer: Kimetsu no Yaiba Swordsmith Village Arc
67%
111 Demon Slayer: Kimetsu no Yaiba - The Movie: Mugen Train
67%
408 Dragon Ball Super: Broly
67%
55 Demon Slayer: Kimetsu no Yaiba Entertainment District Arc
66%
184 Hunter x Hunter
64%
8 Hunter x Hunter (2011)
64%
430 Hunter x Hunter: Greed Island
64%
334 Hunter x Hunter: Greed Island Final
64%
272 Hunter x Hunter: Original Video Animation
64%
149 One Punch Man
61%
1 Frieren
59%
2 Fullmetal Alchemist: Brotherhood
56%
169 Chainsaw Man
55%
38 Haikyu!! 3rd Season
55%
92 Haikyu!! Movie: The Dumpster Battle
55%
349 Haikyu!! The Movie: Battle of Concepts
55%
411 Haikyu!! The Movie: Talent and Sense
55%
174 Haikyuu!!
55%
90 Haikyuu!! Second Season
55%
224 Haikyuu!! To the Top
55%
123 Haikyuu!! To the Top Part 2
55%
146 JoJo’s Bizarre Adventure: Diamond Is Unbreakable
55%
105 JoJo’s Bizarre Adventure: Golden Wind
55%
175 JoJo's Bizarre Adventure: Stardust Crusaders - Battle in Egypt
55%
137 JoJo’s Bizarre Adventure: Stone Ocean Part 3
55%
284 Evangelion: 2.0 You Can (Not) Advance
50%
102 Evangelion: 3.0+1.0 Thrice Upon a Time
50%
233 Neon Genesis Evangelion
50%
110 Neon Genesis Evangelion: The End of Evangelion
50%
28 Your Name
49%
62 Code Geass: Lelouch of the Rebellion
47%
20 Code Geass: Lelouch of the Rebellion R2
47%
353 Re:ZERO -Starting Life in Another World-
47%
261 Re:ZERO -Starting Life in Another World- Season 2
47%
179 Re:ZERO -Starting Life in Another World- Season 2 Part 2
47%
152 Re:ZERO -Starting Life in Another World- Season 3
47%
3 Steins;Gate
47%
125 Steins;Gate 0
47%
299 Steins;Gate: Egoistic Poriomania
47%
325 Steins;Gate: Open the Missing Link - Divide By Zero
47%
172 Steins;Gate: The Movie - Load Region of Déjà Vu
47%
6 Gintama°
45%
9 Gintama’
45%
13 Gintama.
45%
17 Gintama
45%
10 Gintama’: Enchousen
45%
231 Gintama: Jump Festa 2008 Special
45%
497 Gintama: Jump Festa 2014 Special
45%
217 Gintama: Love Incense Arc
45%
305 Gintama: Shinyaku Benizakura-hen
45%
31 Gintama. Silver Soul Arc
45%
23 Gintama. Silver Soul Arc - Second Half War
45%
135 Gintama. Slip Arc
45%
7 Gintama: The Final
45%
134 Gintama: The Movie
45%
21 Gintama: The Movie: The Final Chapter: Be Forever Yorozuya
45%
168 Gintama: The Semi-Final
45%
183 Gintama: Yorinuki Gintama-san on Theater 2D
45%
39 Spirited Away
45%
22 Monster
44%
47 Cowboy Bebop
43%
216 Cowboy Bebop: The Movie
43%
164 Spy x Family
43%
376 Spy x Family Part 2
43%
97 Berserk
42%
382 Berserk: The Golden Age Arc III - The Advent
42%
478 Black Clover
42%
407 Blue Lock
42%
40 Vinland Saga
41%
33 Vinland Saga Season 2
41%
18 A Silent Voice
40%
432 K-On!!
40%
239 K-On! Movie
40%
323 Solo Leveling
40%
43 | 443 Solo Leveling Season 2: Arise from the Shadow
40%
86 Kaguya-sama: Love is War?
39%
200 Kaguya-sama: Love is War
39%
49 Kaguya-sama: Love is War -The First Kiss That Never Ends-
39%
14 Kaguya-sama: Love is War -Ultra Romantic-
39%
156 Assassination Classroom 2nd Season
37%
72 Howl’s Moving Castle
37%
148 Mob Psycho 100
37%
36 Mob Psycho 100 II
37%
58 Mob Psycho 100 III
37%
81 Your Lie in April
37%
133 Dandadan
36%
385 Fruits Basket 1st Season
36%
130 Fruits Basket 2nd Season
36%
223 Fruits Basket: Prelude
36%
15 Fruits Basket: The Final
36%
69 Violet Evergarden
35%
190 Violet Evergarden: Eternity and the Auto Memory Doll
35%
27 Violet Evergarden Movie
35%
235 Violet Evergarden: Recollections
35%
237 Violet Evergarden: The Day You Understand "I Love You" Will Surely Come
35%
318 Dr. Stone
34%
465 Dr. Stone: New World
34%
267 Dr. Stone: New World Part 2
34%
480 Dr. Stone: Ryuusui
34%
346 Dr. Stone: Science Future
34%
466 Dr. Stone: Stone Wars
34%
492 Spy x Family Movie: Code White
34%
103 [Oshi no Ko]
33%
108 [Oshi no Ko] 2nd Season
33%
351 Black Butler: Book of the Atlantic
32%
369 Black Butler: Emerald Witch Arc
32%
390 Kuroko’s Basketball 2
32%
294 Kuroko’s Basketball 3
32%
76 Fate/stay night: Heaven's Feel - III. Spring Song
31%
159 Fate/stay night: Heaven's Feel - II. Lost Butterfly
31%
467 Fate/stay night: Heaven's Feel - I. Presage Flower
31%
427 Fate/stay night [Unlimited Blade Works]
31%
268 Fate/stay night [Unlimited Blade Works] Season 2
31%
409 Fate/strange Fake: Whispers of Dawn
31%
319 Fate/Zero
31%
124 Fate/Zero 2nd Season
31%
336 KonoSuba: God's Blessing on This Wonderful World! 2
31%
242 KonoSuba: God's Blessing on This Wonderful World! 3
31%
387 KonoSuba: God's Blessing on This Wonderful World! 3 OVA
31%
197 KonoSuba: God's Blessing on This Wonderful World! - Legend of Crimson
31%
16 Clannad: After Story
30%
121 Slam Dunk
30%
53 The First Slam Dunk
30%
154 The Promised Neverland
30%
463 My Dress-Up Darling
29%
73 Princess Mononoke
29%
282 Erased
27%
244 Mushoku Tensei: Jobless Reincarnation
27%
80 Mushoku Tensei: Jobless Reincarnation Part 2
27%
373 Mushoku Tensei: Jobless Reincarnation Season 2
27%
295 Case Closed Movie 06: The Phantom of Baker Street
26%
441 Detective Conan
26%
352 Detective Conan: Episode One - The Great Detective Turned Small
26%
393 Detective Conan Movie 13: The Raven Chaser
26%
436 Detective Conan Movie 20: The Darkest Nightmare
26%
243 Detective Conan Movie 26: Black Iron Submarine
26%
113 Nana
26%
25 The Apothecary Diaries
26%
448 Black Lagoon: The Second Barrage
25%
495 Food Wars
25%
412 Horimiya
25%
468 Horimiya: The Missing Pieces
25%
405 InuYasha: The Final Act
25%
263 Parasyte: The Maxim
25%
30 The Apothecary Diaries 2nd Season
25%
266 Bakemonogatari
24%
449 Bungou Stray Dogs 2nd Season
24%
402 Bungou Stray Dogs 3rd Season
24%
181 Bungou Stray Dogs 4th Season
24%
88 Bungou Stray Dogs 5th Season
24%
91 Cyberpunk: Edgerunners
24%
479 Death Parade
24%
331 Dororo
24%
341 My Neighbor Totoro
24%
442 No Game No Life: Zero
24%
140 Samurai Champloo
24%
82 Tengen Toppa Gurren Lagann
24%
45 Bocchi the Rock!
23%
444 Gurren Lagann The Movie: Childhood’s End
23%
101 Gurren Lagann The Movie: The Lights in the Sky are Stars
23%
84 Made in Abyss
23%
94 Made in Abyss: Dawn of the Deep Soul
23%
433 Made in Abyss: Journey's Dawn
23%
95 Made in Abyss: The Golden City of the Scorching Sun
23%
215 Made in Abyss: Wandering Twilight
23%
260 Psycho-Pass
23%
188 Mushoku Tensei: Jobless Reincarnation Season 2 Part 2
22%
474 Noragami Aragoto
22%
227 Puella Magi Madoka Magica
22%
371 Puella Magi Madoka Magica the Movie Part 1: Beginnings
22%
228 Puella Magi Madoka Magica the Movie Part 2: Eternal
22%
147 Puella Magi Madoka Magica the Movie: Rebellion
22%
477 That Time I Got Reincarnated as a Slime
22%
234 That Time I Got Reincarnated as a Slime Season 2
22%
278 That Time I Got Reincarnated as a Slime Season 2 Part 2
22%
192 The Disastrous Life of Saiki K.
22%
193 The Disastrous Life of Saiki K. 2
22%
396 The Disastrous Life of Saiki K. Final Arc
22%
118 I Want to Eat Your Pancreas
21%
377 Trigun
21%
454 Akira
20%
300 Anohana
20%
166 Banana Fish
20%
270 Bocchi the Rock! Movie
20%
322 Ghost in the Shell
20%
186 Ghost in the Shell: Stand Alone Complex
20%
139 Ghost in the Shell: Stand Alone Complex 2nd GIG
20%
37 Hajime no Ippo
20%
333 Hajime no Ippo: Champion Road
20%
350 Hajime no Ippo: Mashiba vs. Kimura
20%
71 Hajime no Ippo: New Challenger
20%
93 Hajime no Ippo: Rising
20%
355 Mobile Suit Gundam: Iron-Blooded Orphans 2nd Season
20%
262 Mobile Suit Gundam: The Origin
20%
487 Mobile Suit Gundam: The Origin - Advent of the Red Comet
20%
170 Owarimonogatari
20%
26 Owarimonogatari 2nd Season
20%
314 Weathering with You
20%
180 Zoku Owarimonogatari
20%
255 86
19%
59 86 Part 2
19%
247 Hellsing Ultimate
19%
229 Kizumonogatari Part 1: Iron-Blooded
19%
112 Kizumonogatari Part 2: Hot-Blooded
19%
35 Kizumonogatari Part 3: Cold-Blooded
19%
119 Perfect Blue
19%
131 Grave of the Fireflies
18%
288 Kingdom 2nd Season
18%
29 Kingdom 3rd Season
18%
50 Kingdom 4th Season
18%
56 Kingdom 5th Season
18%
67 Monogatari Series: Off & Monster Season
18%
42 Monogatari Series: Second Season
18%
490 Nisemonogatari
18%
395 ReLIFE: Final Arc
18%
362 Blue Box
17%
302 Doraemon: Nobita and the Steel Troops - The New Age
17%
173 Grand Blue
17%
419 Stand By Me Doraemon 2
17%
68 Great Teacher Onizuka
16%
357 Kiki’s Delivery Service
16%
99 Rascal Does Not Dream of a Dreaming Girl
16%
265 Rascal Does Not Dream of a Knapsack Kid
16%
359 Rascal Does Not Dream of Bunny Girl Senpai
16%
326 Suzume
16%
98 Delicious in Dungeon
15%
451 Digimon Adventure: Last Evolution Kizuna
15%
292 Kaiju No. 8
15%
391 Magi: The Kingdom of Magic
15%
219 March Comes in Like a Lion
15%
19 March Comes in Like a Lion 2nd Season
15%
245 Baccano!
14%
285 Given
14%
246 Given Movie 3: Umi e
14%
485 given - on the other hand
14%
498 given The Movie
14%
78 Mushishi
14%
65 Mushi-shi: Next Passage Part 1
14%
57 Mushi-shi: Next Passage Part 2
14%
187 Mushi-shi Path of Thorns
14%
129 Mushi-shi: The Shadow that Devours the Sun
14%
106 Mushishi Zoku Shou: Suzu no Shizuku
14%
160 Nichijou
14%
461 Ouran High School Host Club
14%
327 Castle in the Sky
13%
347 Golden Kamuy 2nd Season
13%
182 Golden Kamuy 3rd Season
13%
499 Golden Kamuy 4th Season
13%
171 Pluto
13%
150 Ousama Ranking
12%
64 Samurai X: Trust and Betrayal
12%
258 Hibike! Euphonium 2
11%
54 Hibike! Euphonium 3
11%
151 Kimi ni Todoke 3rd Season
11%
52 Link Click
11%
238 My Teen Romantic Comedy SNAFU Climax!
11%
401 My Teen Romantic Comedy SNAFU TOO!
11%
309 Rurouni Kenshin
11%
389 Spice and Wolf
11%
291 Spice and Wolf II
11%
277 Link Click: Bridon Arc
10%
75 Link Click Season 2
10%
77 Look Back
10%
198 Mononoke
10%
240 Nausicaä of the Valley of the Wind
10%
79 Odd Taxi
10%
250 To Your Eternity
10%
220 Barakamon
9%
332 Is It Wrong to Try to Pick Up Girls in a Dungeon? IV Part 2
9%
271 Legend of the Galactic Heroes: Die Neue These - Collision
9%
269 Legend of the Galactic Heroes: Die Neue These - Intrigue
9%
428 Legend of the Galactic Heroes: Die Neue These - Stellar War Part 2
9%
482 Legend of the Galactic Heroes Gaiden
9%
290 Natsume’s Book of Friends
9%
199 Natsume's Book of Friends Movie: Ephemeral Bond
9%
259 Natsume’s Book of Friends: On a Certain Snowy Day
9%
128 Natsume's Book of Friends Season 2
9%
115 Natsume's Book of Friends Season 3
9%
85 Natsume's Book of Friends Season 4
9%
114 Natsume's Book of Friends Season 5
9%
274 Natsume's Book of Friends Season 5 Specials
9%
96 Natsume's Book of Friends Season 6
9%
202 Natsume's Book of Friends Season 6 Specials
9%
107 Natsume's Book of Friends Season 7
9%
460 Natsume's Book of Friends: The Waking Rock and the Strange Visitor
9%
155 Summertime Render
9%
365 The Dangers in My Heart
9%
46 The Dangers in my Heart Season 2
9%
335 The Eminence in Shadow
9%
286 The Eminence in Shadow Season 2
9%
11 The Legend of the Galactic Heroes
9%
256 Tomorrow’s Joe
9%
48 Tomorrow’s Joe 2
9%
399 Uma Musume: Cinderella Gray
9%
144 Uma Musume: Pretty Derby - Beginning of a New Era
9%
116 Wolf Children
9%
315 Yuru Camp△
9%
211 Yuru Camp△ Movie
9%
145 Yuru Camp△ Season 2
9%
455 Ao Ashi
8%
447 Bakuman.
8%
257 Bakuman. 2nd Season
8%
132 Bakuman. 3rd Season
8%
469 Lupin III: The Castle of Cagliostro
8%
356 Miss Kobayashi’s Dragon Maid S
8%
60 Orb: On the Movements of the Earth
8%
310 Tokyo Godfathers
8%
316 Ace of Diamond Act II
7%
283 Ace of Diamond: Second Season
7%
457 Higurashi: When They Cry – Kai
7%
303 Initial D Final Stage
7%
248 Initial D First Stage
7%
453 Initial D Fourth Stage
7%
431 Initial D Second Stage
7%
470 Lycoris Recoil
7%
87 Ping Pong the Animation
7%
296 Redline
7%
361 Saga of Tanya the Evil: The Movie
7%
100 The Disappearance of Haruhi Suzumiya
7%
275 Welcome to the N.H.K.
7%
165 Yu Yu Hakusho: Ghost Files
7%
142 A Place Further Than The Universe
6%
206 Blue Giant
6%
450 Cardcaptor Sakura
6%
383 Cardcaptor Sakura Movie 2: The Sealed Card
6%
380 Heavenly Delusion
6%
201 Kamisama Hajimemashita: Kako-hen
6%
439 Kamisama Kiss: Kamisama, Shiawase ni Naru
6%
354 Kamisama Kiss Season 2
6%
5 One Piece Fan Letter
6%
163 Rainbow
6%
324 Space Dandy 2nd Season
6%
122 The Tatami Galaxy
6%
126 To Be Hero X
6%
464 A Certain Scientific Railgun T
5%
381 A Sign of Affection
5%
301 Beck
5%
488 Major: Message
5%
392 Major S1
5%
434 Major S2
5%
388 Major S3
5%
435 Major S4
5%
203 Major S5
5%
273 Major S6
5%
307 Major: World Series
5%
423 The Tatami Time Machine Blues
5%
210 Vivy: Fluorite Eye’s Song
5%
372 Whisper of the Heart
5%
456 Aria the Natural
4%
157 Aria the Origination
4%
406 Asobi Asobase - workshop of fun -
4%
473 Beyond the Boundary: I'll Be Here - Future
4%
426 Chihayafuru
4%
221 Chihayafuru 2
4%
167 Chihayafuru 3
4%
360 Girls’ Last Tour
4%
404 Great Pretender
4%
348 Kaiji: Against All Rules
4%
330 Kaiji: Ultimate Survivor
4%
287 Katanagatari
4%
207 Land of the Lustrous
4%
489 Makeine: Too Many Losing Heroines!
4%
437 Megalobox 2: Nomad
4%
343 Millennium Actress
4%
446 Moriarty the Patriot
4%
311 Moriarty the Patriot Part 2
4%
338 Planetes
4%
375 Revolutionary Girl Utena
4%
339 Shinsekai yori
4%
420 The Case Study of Vanitas Part 2
4%
138 The Garden of Sinners Chapter 5: Paradox Spiral
4%
226 The Garden of Sinners Chapter 7: A Study in Murder - Part 2
4%
386 The Tale of the Princess Kaguya
4%
222 Cross Game
3%
366 Daily Lives of High School Boys
3%
195 Heaven Official’s Blessing
3%
74 Heaven Official's Blessing Season 2
3%
136 Heaven Official's Blessing Short Film
3%
143 Heaven Official’s Blessing Special
3%
500 Hinamatsuri
3%
212 Josee, the Tiger and the Fish
3%
472 Kaiba
3%
297 Kids on the Slope
3%
306 Kino’s Journey
3%
185 Kono Oto Tomare!: Sounds of Life Season 2
3%
358 Non Non Biyori Movie: Vacation
3%
230 Non Non Biyori Nonstop
3%
471 Non Non Biyori Nonstop: Our Club Worked Hard
3%
264 One Outs
3%
214 Run with the Wind
3%
397 Sasaki and Miyano
3%
280 Sasaki and Miyano: Graduation
3%
298 Shangri-La Frontier Season 2
3%
120 Showa Genroku Rakugo Shinju
3%
213 Teasing Master Takagi-san 3
3%
177 Teasing Master Takagi-san: The Movie
3%
363 The Boy and the Beast
3%
425 The Demon Hunter
3%
252 The Rose of Versailles
3%
254 Usagi Drop
3%
342 World Trigger 3rd Season
3%
345 BanG Dream! It’s MyGO!!!!!
2%
63 Descending Stories: Showa Genroku Rakugo Shinju
2%
218 Girls Band Cry
2%
452 Girls und Panzer das Finale – Part 3
2%
232 Girls und Panzer das Finale – Part 4
2%
410 Girls und Panzer der Film
2%
429 Honey and Clover II
2%
483 IDOLiSH7 Second Beat!
2%
367 IDOLiSH7 Third Beat!
2%
251 IDOLiSH7 Third Beat! Part 2
2%
459 Kotaro Lives Alone
2%
304 Legend of the Galactic Heroes: Die Neue These - Stellar War Part 3
2%
440 Little Busters! ~Refrain~
2%
208 Maquia: When the Promised Flower Blooms
2%
204 Medalist
2%
176 Ne Zha 2
2%
337 Nodame Cantabile
2%
374 Nodame Cantabile Finale
2%
491 Nodame Cantabile: Paris-hen
2%
481 Pompo: The Cinéphile
2%
475 Princess Tutu
2%
189 Saekano the Movie: Finale
2%
379 Scissor Seven 2
2%
191 Scissor Seven 3
2%
378 Scissor Seven 4
2%
421 Scissor Seven 5
2%
312 Shirobako
2%
496 Skip and Loafer
2%
153 Space Brothers
2%
418 Symphogear XV
2%
161 The Master of Diabolism
2%
66 The Master of Diabolism 3
2%
415 The Master of Diabolism Q
2%
162 The Master of Diabolism Season 2
2%
424 Welcome to the Ballroom
2%
400 xxxHOLiC◆Kei
2%
249 Douluo Dalu 2nd Season
1%
158 Doupo Cangqiong: Nian Fan
1%
104 Doupo Cangqiong: San Nian Zhi Yue
1%
329 Fights Break Sphere 4th Season
1%
253 Fog Hill of Five Elements Season 2
1%
486 Interstella5555: The 5tory of The 5ecret 5tar 5ystem
1%
321 Into the Forest of Fireflies’ Light
1%
484 Keep Your Hands Eizouken!
1%
370 Liz and the Blue Bird
1%
414 Maison Ikkoku
1%
494 Moribito - Guardian of the Spirit
1%
445 Night Is Short, Walk on Girl
1%
438 Non Bon Biyori
1%
141 Revue Starlight: The Movie
1%
398 SKET Dance
1%
281 Swallowed Star 2nd Season
1%
225 Swallowed Star 3rd Season
1%
209 Swallowed Star 4th Season
1%
340 Sword of the Stranger
1%
293 The Beast Player Erin
1%
289 The Legend of Hei
1%
328 Tsubasa RESERVoir CHRoNiCLE: Tokyo Revelations
1%
422 xxxHOLiC Rou
1%
384 A Record of Mortal's Journey to Immortality Season 3
0%
462 A Will Eternal 2nd Season
0%
317 Doukyusei: Classmates
0%
458 Holo Graffiti
0%
368 In This Corner of the World
0%
313 Moomin
0%
205 Ramayana: The Legend of Prince Rama
0%
236 Renegade Immortal
0%
276 Romeo’s Blue Skies
0%
320 Silver Spoon 2nd Season
0%
279 Star Blazers: Space Battleship Yamato 2199
0%
476 The Duke of Death and His Maid Season 3
0%
394 The King’s Avatar Specials
0%
344 Throne of Seal 2nd Season
0%
493 Working!!! Lord of the Takanashi
0%
No matching quizzes found
Score Distribution
Percent of People with Each Score
Percentile by Number Answered
Your Score History
You have not taken this quiz